Pingulala General Knowledge 8 (Hard) - Statistics

General Stats
  • This quiz has been taken 9 times
  • The average score is 8 of 20
Answer Stats
Hint Answer % Correct
In which country did the sport of sumo wrestling originate? Japan
89%
Which dynasty ruled China during the construction of the Forbidden City? Ming Dynasty
67%
What is the longest mountain range in North America? Rocky Mountains
67%
Which epic poem tells the story of the Trojan War and is attributed to Homer? The Iliad
67%
Which country has the highest number of UNESCO World Heritage Sites? Italy
56%
In The Godfather, what is the name of the character played by Marlon Brando? Vito Corleone
56%
Which Japanese director is known for classics like Seven Samurai and Rashomon? Akira Kurosawa
44%
In Egyptian mythology, which god weighed the hearts of the dead to judge their fate in the afterlife? Anubis
44%
Which fundamental force is the weakest but acts over the longest range? Gravity
44%
In the board game Clue (Cluedo), what weapon is represented by a small length of metal pipe? Lead Pipe
44%
What is the name of the main playable character in The Legend of Zelda series? Link
44%
What horror movie features the line, "Do you like scary movies?" Scream
44%
Who wrote the novel One Hundred Years of Solitude? Gabriel García Márquez
33%
Which musical notation symbol raises a note by a half step? Sharp (#)
33%
''Entropy in an isolated system always increases over time'' is which law of thermodynamics? The Second
33%
Creutzfeldt-Jakob disease is caused by what type of infectious agent? Prion
22%
What was the first science fiction film to win the Academy Award for Best Picture? The Shape of Water
22%
Which Formula 1 circuit is known as the "Temple of Speed" due to its high-speed layout? Monza
11%
What is the name of the art movement that features exaggerated lighting and emotional intensity, exemplified by Caravaggio? Baroque
0%
Who was the first Roman emperor to convert to Christianity? Constantine the Great
0%
No matching quizzes found
Score Distribution
Percent of People with Each Score
Percentile by Number Answered
Your Score History
You have not taken this quiz